| 000 | 00795mam a22002777a 4500 | ||
|---|---|---|---|
| 001 | 3369248 | ||
| 005 | 20220326193306.0 | ||
| 008 | 020729s2002 cr 000 0 spa | ||
| 010 | _a 2002433324 | ||
| 020 | _a9968834300 | ||
| 035 | _a(OCoLC)ocm50913342 | ||
| 035 | _a(NNC)3369248 | ||
| 040 |
_aDLC _cDLC |
||
| 082 |
_a863.44 _bQ8en |
||
| 100 | 1 |
_aQuirós, Luis Fernando, _d1951- _91722 |
|
| 245 | 1 | 0 |
_aEnramada : _b[cuentos] / _cLuis Fernando Quirós. |
| 250 | _a1. ed. | ||
| 260 |
_aSan José, Costa Rica : _bEdiciones Perro Azul, _cc2002. |
||
| 300 |
_a131 p. ; _c21 cm. |
||
| 490 | 1 | _aColección Narrativa | |
| 650 |
_aliteratura _zCosta Rica _91723 |
||
| 655 |
_aCuento _91724 |
||
| 700 |
_aQuirós, Luis Fernando, _91725 |
||
| 830 | 0 |
_aColección Narrativa. _91726 |
|
| 999 |
_c363 _d363 |
||